MDQL
is popping MORE tags! Check the
thread
!
Quizzes
Events
Quiz Creation
Community
Videos
Private Events
Remove Ads
Sign In
Join for FREE
Feedback
Dark Mode
Quiz Categories
Sports
Geography
Music
Movies
Television
Just For Fun
Miscellaneous
History
Literature
Language
Science
Gaming
Entertainment
Religion
Holiday
For Kids
Quiz Lab
Recent
Popular Today
Quiz Kudos Today
Editor Picks
Curator Picks
Quizzes by...
Day
Popularity
Type
Ratings
Length
Year
Community
Subscriptions
Recent Discussions
Orange Saloon
Badges
Playlists
Quests
Create
Leaderboards
Showdown
Live 5
Trivia Bingo
Activity
Puzzle Library
Sporcle Events
Private Events
Virtual Trivia
Globe League
Become a Host
Pub Owners
SporcleCon
Opinionation
Our Games
Videos
Blog
Mobile Apps
Partnerships
Remove Ads and Go Orange
Feedback
Language
Vocabulary
Begins and Ends
Definition
Spanish
French
German
Italian
Chinese
Latin
Translation
Japanese
Language
Vocabulary
Begins and Ends
Definition
Spanish
French
German
Italian
Chinese
Latin
Translation
Japanese
Random Quiz
Search Sporcle
×
Quiz Lab
Quiz Lab
Language
Vocabulary
Type in answers that appear in a list
Type in answers that appear in a list
Classic
Best Score? Go Orange.
PortLang1A Vocab 9 Stats
Can you name the PortLang1A Vocab 9?
By
eliotw1
10m
130 Questions
25 Plays
25 Plays
25 Plays
Comments
Comments
Give Quiz Kudos
Give Quiz Kudos
-
- Ratings
hide this ad
Replay
Link that replays current quiz
Next Quiz
Link to next quiz in quiz playlist
You Got
0%
They Got
Avg Score
16%
Avg Friend Score
Upgrade to see
Score Distribution
Jump to the score distribution portion of the page
Score
0/130
Timer
10:00
0
Plays Today
Catergory
Portuguese
% Correct
64%
Frutas e Sobremesas
a banana
56%
Frutas e Sobremesas
a laranja
56%
Bebidas e Outros Termos
frito
48%
veggies and greens
a cebola
44%
veggies and greens
a cenoura
40%
Frutas e Sobremesas
o melão
40%
Frutas e Sobremesas
o limão
40%
Frutas e Sobremesas
a pera
40%
Frutas e Sobremesas
a morango
40%
veggies and greens
a alface
36%
veggies and greens
a batata
36%
Carnes
o bife
36%
Frutas e Sobremesas
a manga
36%
veggies and greens
o tomate
32%
Carnes
a galinha
32%
Carnes
o peru
32%
Carnes
o pato
32%
Carnes
o peixe
32%
Carnes
o presunto
32%
Frutas e Sobremesas
a uva
32%
Ovos
estreiados
32%
Bebidas e Outros Termos
o leite
32%
Bebidas e Outros Termos
a cerveja
32%
veggies and greens
a salsa
28%
veggies and greens
a alho
28%
veggies and greens
o espinafre
28%
Carnes
o bacalhau
28%
Frutas e Sobremesas
o coco
28%
Frutas e Sobremesas
a melancia
28%
veggies and greens
o pepino
24%
veggies and greens
a batata-doce
24%
Carnes
a lagosta
24%
Frutas e Sobremesas
o abacate
24%
Frutas e Sobremesas
a tangerina
24%
Frutas e Sobremesas
o creme
24%
Bebidas e Outros Termos
o café
24%
Bebidas e Outros Termos
o vinho branco
24%
veggies and greens
a cebolinha
20%
veggies and greens
o petit-pois
20%
Frutas e Sobremesas
o figo
20%
Frutas e Sobremesas
o pêssego
20%
Frutas e Sobremesas
a salada de
20%
Frutas e Sobremesas
o bolo de
20%
Catergory
Portuguese
% Correct
Frutas e Sobremesas
o pudim de
20%
Bebidas e Outros Termos
o chá
20%
Bebidas e Outros Termos
a água
20%
Bebidas e Outros Termos
o vinho tinto
20%
Bebidas e Outros Termos
a cachaça
20%
Bebidas e Outros Termos
a caipirinha
20%
Bebidas e Outros Termos
o sal
20%
Bebidas e Outros Termos
a pimenta
20%
veggies and greens
o milho
16%
Carnes
a carne de boi
16%
Carnes
a carne de porco
16%
Carnes
o camarão
16%
Frutas e Sobremesas
o abacaxi
16%
Frutas e Sobremesas
o mamão
16%
Ovos
mexidos
16%
Ovos
omelete de
16%
Bebidas e Outros Termos
o café com leite
16%
Bebidas e Outros Termos
o cafezinho
16%
Bebidas e Outros Termos
o mate
16%
Bebidas e Outros Termos
o queijo
16%
Bebidas e Outros Termos
o pão
16%
veggies and greens
o repolho
12%
veggies and greens
o repolho roxo
12%
Carnes
a carne de cabrito
12%
Frutas e Sobremesas
o limão galego
12%
Frutas e Sobremesas
a maça
12%
Frutas e Sobremesas
o sorvete de
12%
Ovos
quentes
12%
Ovos
poché
12%
Bebidas e Outros Termos
a água mineral
12%
Bebidas e Outros Termos
o refrigerante
12%
Bebidas e Outros Termos
o molho
12%
Bebidas e Outros Termos
o azeite
12%
Bebidas e Outros Termos
cozido
12%
Bebidas e Outros Termos
o churrasco
12%
veggies and greens
o palmito
8%
veggies and greens
a ervilha
8%
veggies and greens
a abóbora
8%
veggies and greens
a pimentão
8%
Carnes
a carne seca
8%
Carnes
o fígado
8%
Carnes
os fríos
8%
Carnes
as salsichas
8%
Frutas e Sobremesas
a ameixa
8%
Catergory
Portuguese
% Correct
Frutas e Sobremesas
a gelatina de
8%
Bebidas e Outros Termos
o chope
8%
Bebidas e Outros Termos
o vinagre
8%
Bebidas e Outros Termos
a manteiga
8%
Bebidas e Outros Termos
grelhado
8%
Bebidas e Outros Termos
o biscoito
8%
veggies and greens
a beterraba
4%
veggies and greens
a berinjela
4%
Carnes
a carne de vitela
4%
Carnes
a carne de carneiro
4%
Frutas e Sobremesas
a torta de
4%
Frutas e Sobremesas
a compota de
4%
Frutas e Sobremesas
goiabada com queijo
4%
Ovos
cozidos
4%
Bebidas e Outros Termos
a pimenta-do-reino
4%
Bebidas e Outros Termos
a mostarda
4%
Bebidas e Outros Termos
o filé de
4%
Bebidas e Outros Termos
assado
4%
Bebidas e Outros Termos
bem-passado
4%
Bebidas e Outros Termos
mal-passado
4%
Bebidas e Outros Termos
ao ponto
4%
Bebidas e Outros Termos
a pasta de
4%
Bebidas e Outros Termos
a massa
4%
Bebidas e Outros Termos
o macarrão
4%
Bebidas e Outros Termos
o suco de
4%
Bebidas e Outros Termos
a vitamina de
4%
veggies and greens
o agrião
0%
veggies and greens
o alpo
0%
veggies and greens
a vagem
0%
veggies and greens
a couve-fior
0%
veggies and greens
o quiabo
0%
veggies and greens
o rabanete
0%
Carnes
os miúdos
0%
Bebidas e Outros Termos
a azeitona
0%
Bebidas e Outros Termos
a banha
0%
Bebidas e Outros Termos
o cravo
0%
Bebidas e Outros Termos
a caneja
0%
Bebidas e Outros Termos
a geléia
0%
Bebidas e Outros Termos
a costeleta de
0%
Bebidas e Outros Termos
moído
0%
Bebidas e Outros Termos
refogado
0%
Bebidas e Outros Termos
raiado
0%
Quiz Playlist
Details
Report
Send in Message
Add To Playlist
Classic:
Type in answers that appear in a list
Last Updated: Feb 16, 2017
Quiz Scoreboard
CHALLENGE
Sign Up to Join the Scoreboard
Show All
Scores
Hide
Comments
May contain spoilers
Recently Published
Street Fighter Characters
by Artimus82
Gaming
60s
9x9 Crossword: Cartoon Network
by jackfrog10
Miscellaneous
3m
College Basketball Coaching Resumes
by pancakes188
Sports
9m
More to Explore
Quiz From the Vault
Featured Blog Post
Where Did the Easter Bunny Come From?
hide this ad
You Might Also Like...
Tags
Vocabulary Quiz
Catergory
English
portuguese
Today's Top Quizzes in Language
Browse Language
hide this ad
Today's Top Quizzes in Vocabulary
Browse Vocabulary
Top Contributed Quizzes in Language
1
1-10 Letter F Words III
2
1-10 Letter G Words III
3
1-10 Letter H Words III
4
Alphabetize! : 'As' words
5
Celtic Nations in their Language
6
1-10 Letter I Words III
7
One Thing in Common: Italy
8
Order Up: Top 10 Most Native Spoken Languages
9
1-10 Letter J Words III
10
Weisst du, aus welchen Sprachen diese Wörter stammen?
Explore More
Trending Topics
Kpop
Harry Potter
Marvel
Disney
Crossword
Anime
NBA
Country
Soccer
Song
Puzzle
NFL
Pokémon
WWE
The Office
hide this ad
More By:
eliotw1
Quiz
Plays
Rating
Category
Featured
Created
Portuguese 1A Test1Vocab
104
Language
Apr 20, 2010
PortLang1A Vocab 9
25
Language
Apr 20, 2010
Go to Creator's Profile
Score Distribution
Quiz Creator Spotlight
eliotw1
Follow
Send a Message
Quizzes Created
-
Created Quiz Play Count
-
More By This Creator
Popular Quizzes Today
1
Find the US States - No Outlines Minefield
2
Find the Countries of Europe - No Outlines Minefield
3
The Countries of the World
4
Find the US States
5
Risky Map Clicking: Biggest States A-Z
6
US States
7
Popular People in 1961
8
Movies - When Are They Set?
More Language Quizzes
4-Letter Word by Pattern
Published
Trending Quizzes
Risky Map Clicking: Least Populous States A-Z
Countries of the World: 200 Million BC
1-10 Letter G Words
Risky Map Clicking: Next State Alphabetically
Adjectives in 80s TV Shows
Recently Updated
Leaping Animals
pecheneg
Reality TV Shows (A-Z)
bhenderson79
Rickey Henderson's Hall of Fame Teammates
pecheneg
Champions League XIs: Arsenal
pecheneg
Quick Pick: Celebrities in WWE's Hall of Fame
aduchscher
A-Z Keypad Blitz II
pecheneg
Multiple Oscar Actors
pecheneg
Mystery Phrase Blitz: Oscar 'Best Actors'
pecheneg
F. Scott Fitzgerald Novels
LTH
Pick 3 Villains
ddd62291
Trending Topics
Anime
Disney
Harry Potter
Kpop
NBA
Marvel
Crossword
WWE
Soccer
Song
The Office
Puzzle
Country
NFL
Pokémon
Your Account Isn't Verified!
In order to create a playlist on Sporcle, you need to verify the email address you used during registration. Go to your
Sporcle Settings
to finish the process.
Report this User
Report this user for behavior that violates our
Community Guidelines
.
Details:
Send Report
Go to the Sporcle.com Mobile Site →
Comments